South Eastern Kenya University

Library Online Public Access Catalogue


Sophie Treadwell : (Record no. 9281)

MARC details
000 -LEADER
fixed length control field 00382fam a2200121 a 4500
020 ## - ISBN
International Standard Book Number 0313293880 (alk. paper)
050 00 - LIBRARY OF CONGRESS CALL NUMBER
Classification Number PS3539.R342
Item Number Z63 1997
100 1# - MAIN ENTRY--Author
Personal name Dickey, Jerry R.
Dates associated with a name 1956-
245 10 - TITLE
Title Sophie Treadwell :
Remainder of title a research and production sourcebook /
Statement of responsibility, etc Jerry Dickey.
260 ## - PUBLICATION, DISTRIBUTION, ETC.(IMPRINT)
Place of publication, distribution, etc Westport, CT ;
-- London :
Name of publisher, distributor, etc Greenwood Press,
Date of publication, distribution, etc 1997.
300 ## - PHYSICAL DESCRIPTION
Extent xii, 269 p. :
942 ## - ADDED ENTRY ELEMENTS(KOHA)
Source of classification or shelving scheme Library of Congress Classification
Koha item type General circulation
Holdings
Source of classification or shelving scheme Not for loan Location (home branch) Sublocation (holding branch) Date accessioned Source of acquisition Full call number Barcode Koha item type Public note
Library of Congress Classification   Wote Campus Library Wote Campus Library 28/09/2015 Donation - Books for Africa [WTE] PS 3539 .R342 Z63 1997 2015/008469 General circulation amm
Kitui, Kenya.
+254736116989
library@seku.ac.ke